|
|
|
|
| LEADER |
00000cam a2200000 a 4500 |
| 001 |
vtls001354302 |
| 003 |
SK-MaSNL |
| 005 |
20260302070946.0 |
| 008 |
240313s1969 xo 00000 slo |
| 020 |
|
|
|q (viaz.)
|
| 035 |
|
|
|a SNK000307733
|
| 040 |
|
|
|a SNK
|b slo
|c SNK
|e AACR2
|
| 041 |
0 |
|
|a slo
|
| 044 |
|
|
|a xo
|c SK
|
| 080 |
|
|
|a 784.58.087.683
|2 1981
|
| 080 |
|
|
|a 784.58.087.684
|2 1981
|
| 245 |
0 |
0 |
|a Sväť Slovensko sväť
|b zborník hymnických a národných piesní pre mužské, miešané a detské alebo ženské zbory
|c zostavili Anton Cíger, Eman Muntág
|
| 260 |
|
|
|a Martin
|b Matica slovenská
|c 1969
|
| 300 |
|
|
|a 72 s.
|c 23 cm
|
| 504 |
|
|
|a Obsahuje bibliografiu
|
| 650 |
0 |
7 |
|a zborový spev
|2 SNKPH
|9 3196
|
| 650 |
0 |
7 |
|a slovenské piesne
|2 SNKPH
|9 3453
|
| 650 |
0 |
7 |
|a hymnické piesne
|2 SNKPH
|9 69287
|
| 650 |
0 |
7 |
|a národné piesne
|2 SNKPH
|9 98708
|
| 655 |
|
7 |
|a zborníky
|2 SNKPH
|9 70165
|
| 700 |
1 |
|
|a Cíger, Anton,
|d 1911-1976
|4 com
|9 133187
|
| 700 |
1 |
|
|a Muntág, Emanuel,
|d 1929-2007
|4 com
|
| 852 |
|
|
|a Slovenská národná knižnica
|
| 958 |
|
|
|a OND
|
| 999 |
|
|
|c 1149876
|d 1151806
|
| 952 |
|
|
|a SNK
|b SNK
|y VYP
|7 0
|p 17A0498215
|o snkHSC 112 D1
|i snkKSP 3467/70
|3 rekatalogizácia
|0 0
|1 0
|4 0
|d 2006-03-03
|l 0
|r 2026-02-24 19:59:57
|w 2026-02-24
|
| 952 |
|
|
|a SNK
|b SNK
|y VYP
|7 0
|p 17A0499163
|o snkHSC 112 D2
|i snk2016/28177
|8 5
|0 0
|1 0
|4 0
|d 2016-12-06
|l 0
|r 2026-02-24 19:59:57
|w 2026-02-24
|
| 952 |
|
|
|a SNK
|b SNK
|y PREZ
|7 0
|p 17A1004548
|o snkHSC 112
|i snkKSP 3466/70
|0 0
|1 0
|4 0
|d 1999-02-03
|l 0
|r 2005-01-02 00:00:00
|w 2026-02-24
|
| 952 |
|
|
|a SNKLM
|b SNKLM
|y NEVYP
|7 0
|o snklmMK 5402
|8 3
|0 0
|1 0
|4 0
|d 2006-10-13
|l 0
|r 2026-02-24 19:59:58
|w 2026-02-24
|